书目信息 |
| 题名: |
苦难辉煌
|
|
| 作者: | 金一南 著 | |
| 分册: | ||
| 出版信息: | 北京 作家出版社 2016.1 |
|
| 页数: | 667页 | |
| 开本: | 25cm | |
| 丛书名: | ||
| 单 册: | ||
| 中图分类: | K270.9 | |
| 科图分类: | ||
| 主题词: | 中国历史--zhong guo li shi--现代史--通俗读物 | |
| 电子资源: | ||
| ISBN: | 978-7-5063-8446-9 | |
| 000 | 00785nam0 2200241 450 | |
| 001 | 0100004520 | |
| 005 | 20160503155002.7 | |
| 010 | @a978-7-5063-8446-9@b精装@dCNY108.00 | |
| 100 | @a20160129d2016 em y0chiy0121 ea | |
| 101 | 0 | @achi |
| 102 | @aCN@b110000 | |
| 105 | @ay a 000yy | |
| 106 | @ar | |
| 200 | 1 | @a苦难辉煌@Aku nan hui huang@f金一南著 |
| 210 | @a北京@c作家出版社@d2016.1 | |
| 215 | @a667页@d25cm | |
| 320 | @a有书目 (第653-667页) | |
| 330 | @a本书内容包括地火、东方之梦、岩浆、围剿、崛起、陷落、突破、湘江, 湘江、烈火真金、瞩目大西南、苦难辉煌、大渡桥横铁索寒等共16章。 | |
| 606 | 0 | @a中国历史@Azhong guo li shi@x现代史@j通俗读物 |
| 690 | @aK270.9@v5 | |
| 701 | 0 | @a金一南@Ajin yi nan@4著 |
| 801 | 0 | @aCN@c20160515 |
| 905 | @a河南城建学院图书馆@dK270.9@eJ824-3 | |
| 苦难辉煌/金一南著.-北京:作家出版社,2016.1 |
| 667页;25cm |
| ISBN 978-7-5063-8446-9(精装):CNY108.00 |
| 本书内容包括地火、东方之梦、岩浆、围剿、崛起、陷落、突破、湘江, 湘江、烈火真金、瞩目大西南、苦难辉煌、大渡桥横铁索寒等共16章。 |
| ● |
| 相关链接 |
|
|
|
正题名:苦难辉煌
索取号:K270.9/J824-3
 
预约/预借
| 序号 | 登录号 | 条形码 | 馆藏地/架位号 | 状态 | 备注 |
| 1 | 1252988 | 212529888 | 社科库309/309社科库 41排3列4层/ [索取号:K270.9/J824-3] | 在馆 | |
| 2 | 1252989 | 212529897 | 社科库309/309社科库 37排5列5层/ [索取号:K270.9/J824-3] | 在馆 | |
| 3 | 1252990 | 212529904 | 社科库309/309社科库 41排3列4层/ [索取号:K270.9/J824-3] | 在馆 |